Plant seneseence: Methods and protocols (Record no. 1238188)

MARC details
000 -LEADER
fixed length control field 00680nam a2200229Ia 4500
005 - DATE AND TIME OF LATEST TRANSACTION
control field 20250117110415.0
008 - FIXED-LENGTH DATA ELEMENTS--GENERAL INFORMATION
fixed length control field 008 250114s9999 xx 000 0 eng d
020 ## - INTERNATIONAL STANDARD BOOK NUMBER
International Standard Book Number 9781493976706
037 ## - SOURCE OF ACQUISITION
Stock number Textual
040 ## - CATALOGING SOURCE
Original cataloging agency CSL
Language of cataloging eng
Transcribing agency CSL
041 ## - LANGUAGE CODE
Language code of text/sound track or separate title eng
Source of code eng
084 ## - COLON CLASSIFICATION NUMBER
Classification number I:3 Q8 Carb
Assigning agency CSL
245 #0 - TITLE STATEMENT
Title Plant seneseence: Methods and protocols
Statement of responsibility, etc. Guo, Yongfeng (Ed.)
260 ## - PUBLICATION, DISTRIBUTION, ETC.
Place of publication, distribution, etc. New York
Name of publisher, distributor, etc. Humana Press
Date of publication, distribution, etc. 2018
300 ## - PHYSICAL DESCRIPTION
Extent xii, 367p. ill.
650 ## - SUBJECT ADDED ENTRY--TOPICAL TERM
Topical term or geographic name entry element Cellular processing
9 (RLIN) 734750
650 ## - SUBJECT ADDED ENTRY--TOPICAL TERM
Topical term or geographic name entry element Mormonal control
9 (RLIN) 734751
650 ## - SUBJECT ADDED ENTRY--TOPICAL TERM
Topical term or geographic name entry element Botany
700 ## - ADDED ENTRY--PERSONAL NAME
Personal name Guo, Yongfeng (Ed.)
9 (RLIN) 732175
942 ## - ADDED ENTRY ELEMENTS (KOHA)
Koha item type Textual
Classification part I:3 Q8 Carb
Holdings
Withdrawn status Lost status Source of classification or shelving scheme Damaged status Not for loan Home library Current library Shelving location Date acquired Source of acquisition Inventory number Total Checkouts Full call number Barcode Date last seen Price effective from Koha item type
    Colon Classification (CC)     Central Science Library Department of Botany Library   2025-01-17 N R Book Distributors 77, 22/02/2024   I:3 Q8 Carb BD0006189 2025-01-17 2025-01-17 Textual
Copyright @ Delhi University Library System